000 00974nac a22002531u 4500
010 _a 96143072
020 _a0631167420 (pbk)
020 _a0631198865
082 0 0 _a320.441
_bPEE
090 _c9441
_d9441
100 _aPeele, Gillian,
245 1 0 _aGoverning the UK /
_cGillian Peele.
250 _a3rd ed.
260 _aOxford, UK ;
_aCambridge, Mass. :
_bBlackwell,1995
_c1995.
300 _axxii, 547 p. :
_bill. ;
_c25 cm.
500 _aRev. ed. of: The government of the UK / Max Beloff, Gillian Peele. 2nd ed. 1985.
500 _adistributer: Al-Ahram
504 _aIncludes bibliographical references (p. [508]-516) and index.
511 _acatalogued by: wessam
651 0 _aGreat Britain
_xPolitics and government
_y1945-
700 1 _aBeloff, Max Beloff,
_cBaron,
_d1913-
942 _cBB
_k320.441PEE
999 _c9441
_d9441